| 000 | 003990000a22001570004500 | ||
|---|---|---|---|
| 001 | 001917 | ||
| 003 | MACL | ||
| 040 | _aMACL | ||
| 090 |
_c13910 _d13909 |
||
| 100 | _aPrakash, Bhagban | ||
| 245 |
_aYouth Work Sexual Health And Development _bIssues, Ideas And Experiments _cBhagban Prakash |
||
| 260 |
_aAjanta Publications, _c2000 |
||
| 350 | _a195 | ||
| 650 | _aSocial Science | ||
| 942 |
_k300 _cBook |
||
| 999 |
_c13833 _d13833 |
||